000 00647nam a22001937a 4500
005 20140925121434.0
010 _aENG-110915
020 _a9788192958255
_c620.00
035 _aEN-94447
037 _bDBAD/PUB
082 _a305.42
100 _aMahanty, Shukla
245 _aWomen empowerment :
_cby Shukla Mahanty
_ba system for sustainable development /
260 _aNew Delhi
_bGyan Geeta Prakashan
_c2014
270 _aF-7, Gali no. 1, Panchsheel Garden Ext. Naveen Shahdara
_bNew Delhi
_e110032
300 _a312p.
_c22cm(Hb)
500 _aIncludes bibliographical references and index
942 _2ddc
_cEN
_mMAH
_h305.42
999 _c88835
_d88835